000 00833nam a22002177a 4500
003 OSt
005 20250917112135.0
008 240815b ||||| |||| 00| 0 eng d
040 _c0
082 _aDPer 364.05 J826 Winter-Spring 2019 v. 109 n. 1-2
100 _aO'Hear, Michael.
_eauthor.
_957948
245 _aThird-class citizenship :
_bthe escalating legal consequences of committing a "Violent" crime /
_cMichael O'Hear.
260 _aEvanston, Illinois ;
_bNorthwestern University Press ,
_cSpring 2019.
300 _aVolume 109, pages 165-236 :
_c26 cm.
500 _aThe Journal of Criminal Law & Criminology, vol. 109, no. 2, pages 165-236, Spring 2019.
650 _aCriminal law.
_961573
650 _aCrime.
_961574
650 _aCitizenship.
_943968
700 _aO'Hear, Michael.
_eauthor.
_957948
942 _2ddc
_cPER
999 _c20518
_d20518